[Event "40th Olympiad Open"]
[Site "Istanbul TUR"]
[Date "2012.08.28"]
[Round "1.42"]
[Board "1"]
[White "Djukic, Nikola"]
[Black "Gohil, Mehul"]
[Result "1-0"]
[WhiteTitle "GM"]
[WhiteElo "2523"]
[BlackElo "2072"]
[WhiteTeam "Montenegro"]
[BlackTeam "Kenya"]
[WhiteFideId "922412"]
[BlackFideId "10800999"]
[EventDate "2012.08.28"]

1. e4 c5 2. Nf3 d6 3. d4 cxd4 4. Nxd4 Nf6 5. Nc3 a6 6. Be3 Ng4 7. Bg5 h6 8. Bh4
g5 9. Bg3 Bg7 10. h3 Ne5 11. f3 Nbc6 12. Bf2 Be6 13. Qd2 Nxd4 14. Bxd4 Qa5 15.
a3 O-O 16. O-O-O Rfc8 17. Qe3 Rc6 18. h4 Ng6 19. Bxg7 Kxg7 20. Ne2 Rac8 21. Nd4
Qc5 22. hxg5 hxg5 23. g3 Bd7 24. Rh5 f6 25. Qd2 Rb6 26. Qh2 Rg8 27. Bh3 Bxh3 28.
Qxh3 Qe5 1-0

[Event "40th Olympiad Open"]
[Site "Istanbul TUR"]
[Date "2012.08.28"]
[Round "1.42"]
[Board "2"]
[White "Atwoli, Joseph"]
[Black "Blagojevic, Dragisa"]
[Result "0-1"]
[BlackTitle "GM"]
[WhiteElo "2065"]
[BlackElo "2514"]
[WhiteTeam "Kenya"]
[BlackTeam "Montenegro"]
[WhiteFideId "10800816"]
[BlackFideId "900885"]
[EventDate "2012.08.28"]

1. e4 e5 2. Bc4 Nf6 3. d4 exd4 4. Nf3 Nc6 5. Ng5 Ne5 6. Bb3 h6 7. f4 hxg5 8.
fxe5 Nxe4 9. Qxd4 Nc5 10. O-O Nxb3 11. axb3 d5 12. Nc3 c6 13. Rxa7 Rxa7 14. Qxa7
Be7 15. Qf2 Be6 16. Be3 Qc7 17. Qg3 Rh4 18. Na4 d4 19. Bxg5 Rg4 20. Bxe7 Rxg3
21. Bd6 Rxg2+ 22. Kxg2 Qd8 23. Nc5 Qg5+ 0-1

[Event "40th Olympiad Open"]
[Site "Istanbul TUR"]
[Date "2012.08.28"]
[Round "1.43"]
[Board "1"]
[White "Rosenbeiger, Alan"]
[Black "Alavi, Sayed Javad"]
[Result "0-1"]
[BlackTitle "IM"]
[WhiteElo "2151"]
[BlackElo "2458"]
[WhiteTeam "Jersey"]
[BlackTeam "Iran"]
[WhiteFideId "1109448"]
[BlackFideId "12500607"]
[EventDate "2012.08.28"]

1. d4 Nf6 2. c4 e6 3. Nf3 d5 4. Nc3 c5 5. Bg5 cxd4 6. Nxd4 dxc4 7. e3 Nbd7 8.
Bxc4 Qa5 9. Bxf6 Nxf6 10. Qa4+ Qxa4 11. Nxa4 Bd7 12. Bb5 Rc8 13. O-O Bd6 14.
Rfd1 Ke7 15. Bxd7 Nxd7 16. Nb5 Bb8 17. Rd2 Nc5 18. Nac3 Rhd8 19. Rad1 Rxd2 20.
Rxd2 a6 21. Nd4 Ne4 22. Rc2 Nxc3 23. Rxc3 Rxc3 24. bxc3 Kd6 25. Kf1 Kd5 26. Ke2
Kc4 27. Kd2 Be5 28. Ne2 g5 29. h3 h5 30. g4 h4 31. Kc2 f5 32. f3 fxg4 33. fxg4
b5 34. Kd2 a5 35. Kc2 a4 36. Kd2 Bc7 37. Nd4 Ba5 38. Ne2 e5 39. Kc2 Bb6 40. e4
Be3 41. a3 Bc5 42. Nc1 Bxa3 43. Nd3 Bd6 44. Nb2+ Kc5 45. Nd3+ Kb6 46. Ne1 b4 47.
cxb4 Bxb4 48. Nf3 Be7 49. Nxe5 Kc5 50. Kb1 Bd6 51. Nf3 Bf4 52. Kb2 Kc4 53. Ka3
Kd3 54. Kxa4 Kxe4 55. Nxg5+ Bxg5 56. Kb3 Kf3 57. Kc2 Kg3 58. Kd3 Kxh3 59. Kd4 0-1

[Event "40th Olympiad Open"]
[Site "Istanbul TUR"]
[Date "2012.08.28"]
[Round "1.43"]
[Board "2"]
[White "Darini, Pouria"]
[Black "Kahn, Tito"]
[Result "1-0"]
[WhiteTitle "IM"]
[WhiteElo "2503"]
[BlackElo "2049"]
[WhiteTeam "Iran"]
[BlackTeam "Jersey"]
[WhiteFideId "12502200"]
[BlackFideId "15600084"]
[EventDate "2012.08.28"]

1. e4 c5 2. Nf3 e6 3. d3 Nc6 4. g3 Qc7 5. Bg2 Nf6 6. O-O a6 7. Nc3 d6 8. Bf4 Ne5
9. Nxe5 dxe5 10. Be3 Bd6 11. a4 b6 12. Nb1 Rb8 13. Na3 b5 14. axb5 axb5 15. c4
Bd7 16. cxb5 O-O 17. b6 Rxb6 18. Nc4 Rbb8 19. Rc1 Rfc8 20. f4 exf4 21. gxf4 e5
22. Nxe5 Bxe5 23. Rxc5 Qd8 24. Rxc8 Bxc8 25. fxe5 Ng4 26. Qf3 Nxe5 27. Qf4 Qxd3
28. Qxe5 Qxe3+ 29. Kh1 1-0

[Event "40th Olympiad Open"]
[Site "Istanbul TUR"]
[Date "2012.08.28"]
[Round "1.43"]
[Board "3"]
[White "Jouault, Louis"]
[Black "Idani, Pouya"]
[Result "0-1"]
[BlackTitle "IM"]
[WhiteElo "1966"]
[BlackElo "2477"]
[WhiteTeam "Jersey"]
[BlackTeam "Iran"]
[WhiteFideId "15600130"]
[BlackFideId "12510130"]
[EventDate "2012.08.28"]

1. e4 c5 2. Nf3 d6 3. d4 cxd4 4. Nxd4 Nf6 5. Nc3 a6 6. Be2 e5 7. Nb3 Be7 8. Be3
Be6 9. f3 O-O 10. O-O Nbd7 11. f4 Rc8 12. Kh1 Qc7 13. f5 Bc4 14. Rc1 b5 15. Nd2
Bxe2 16. Nxe2 Qb7 17. Ng3 d5 18. Qf3 d4 19. Bg5 Rc6 20. Nb3 Qc7 21. Bxf6 Bxf6
22. c3 Bg5 23. Rc2 Rc8 24. Qd3 Nf6 25. h3 dxc3 26. Rd1 h5 27. Ne2 cxb2 28. Rxb2
Rc4 29. Nd2 Rd8 30. Qa3 Rc2 31. Qb3 Rcxd2 32. Rdxd2 Rxd2 33. Rxd2 Bxd2 0-1

[Event "40th Olympiad Open"]
[Site "Istanbul TUR"]
[Date "2012.08.28"]
[Round "1.44"]
[Board "3"]
[White "Salinas Herrera, Pablo"]
[Black "Mannhart, Marcel"]
[Result "1-0"]
[WhiteTitle "FM"]
[WhiteElo "2417"]
[BlackElo "2066"]
[WhiteTeam "Chile"]
[BlackTeam "Liechtenstein"]
[WhiteFideId "3407128"]
[BlackFideId "12000108"]
[EventDate "2012.08.28"]

1. d4 d6 2. Nf3 Bg4 3. Nbd2 e6 4. c4 Nf6 5. b3 Be7 6. Bb2 c6 7. e4 O-O 8. Bd3
Nfd7 9. Qc2 h6 10. O-O c5 11. Rfe1 Nc6 12. a3 e5 13. d5 Ncb8 14. b4 Na6 15. Bc3
Re8 16. h3 Bh5 17. Nh2 Bg5 18. Ndf1 Nf8 19. Rab1 Bg6 20. g3 Qc8 21. Kg2 Bh7 22.
Nf3 Bf6 23. Ne3 Nd7 24. Bd2 Be7 25. Rf1 Kh8 26. Nh2 Bf8 27. Rbe1 Qd8 28. Nhg4
Rc8 29. b5 Nab8 30. f4 f6 31. fxe5 Nxe5 32. Nxe5 dxe5 33. Qa4 Qb6 34. Nf5 Bxf5
35. Rxf5 Nd7 36. Be2 Kh7 37. Bg4 Ra8 38. Rf2 Qd6 39. Bf5+ Kh8 40. Qd1 Be7 41.
Qh5 Nf8 42. h4 Reb8 43. Ref1 Qd8 44. Bxh6 gxh6 45. Qxh6+ Kg8 46. g4 Qd6 47. Be6+
Nxe6 48. dxe6 Qxe6 49. Qg6+ Kf8 50. Rxf6+ Bxf6 51. Rxf6+ Qxf6 52. Qxf6+ 1-0

[Event "40th Olympiad Open"]
[Site "Istanbul TUR"]
[Date "2012.08.28"]
[Round "1.44"]
[Board "4"]
[White "Muendle, Kurt"]
[Black "Valdes Escobar, Alvaro"]
[Result "0-1"]
[BlackTitle "IM"]
[WhiteElo "1893"]
[BlackElo "2402"]
[WhiteTeam "Liechtenstein"]
[BlackTeam "Chile"]
[WhiteFideId "12000159"]
[BlackFideId "3405451"]
[EventDate "2012.08.28"]

1. d4 Nf6 2. c4 e6 3. Nf3 b6 4. Nc3 Bb7 5. Qc2 c5 6. e4 cxd4 7. Nxd4 Bc5 8. Nb3
Nc6 9. Nxc5 bxc5 10. Bf4 Nd4 11. Qd3 d6 12. Be2 Qb6 13. O-O O-O 14. f3 Qxb2 15.
Rfe1 Qb6 16. Rab1 Qc6 17. Bd1 Rfd8 18. Ba4 Qc7 19. Nb5 Nxb5 20. Bxb5 e5 21. Bg5
Rab8 22. Rb3 a6 23. Ba4 Bc6 24. Bxc6 Qxc6 25. Reb1 Rxb3 26. Qxb3 Rc8 27. Bxf6
gxf6 28. Qb6 Qa4 29. Qxd6 Qxa2 30. Rd1 Kg7 31. Qd7 Rb8 32. Qg4+ Kf8 33. Qd7 Kg7
34. Qg4+ Kf8 35. Qd7 Qe2 36. h3 h5 37. Rd5 Rb2 0-1

[Event "40th Olympiad Open"]
[Site "Istanbul TUR"]
[Date "2012.08.28"]
[Round "1.45"]
[Board "1"]
[White "Hamal, Manish"]
[Black "Cuartas, Jaime Alexander"]
[Result "0-1"]
[WhiteTitle "FM"]
[BlackTitle "GM"]
[WhiteElo "2118"]
[BlackElo "2521"]
[WhiteTeam "Nepal"]
[BlackTeam "Colombia"]
[WhiteFideId "12300110"]
[BlackFideId "4401190"]
[EventDate "2012.08.28"]

1. e4 c5 2. Nf3 e6 3. d4 cxd4 4. Nxd4 Nf6 5. Bd3 Nc6 6. Be3 d5 7. exd5 Nxd5 8.
Nxc6 bxc6 9. Bd2 Be7 10. Nc3 O-O 11. Nxd5 cxd5 12. O-O Bf6 13. Rb1 Rb8 14. b4 e5
15. f3 e4 16. fxe4 dxe4 17. Be2 Be6 18. c3 Bxa2 19. Ra1 Be6 20. Qc2 Be5 21. Qxe4
Bxh2+ 22. Kxh2 Qxd2 23. Bd3 g6 24. Rac1 Bf5 25. Rxf5 Qxc1 26. Rf3 Qxc3 27. Bc4
Qxb4 28. Qf4 Rb7 29. Rh3 Qb2 30. Qe4 Rd7 31. Rg3 Qd4 32. Qc6 Qd6 33. Qf3 Rc7 34.
Ba2 Rc5 35. Kg1 Rc1+ 36. Kh2 Qd1 0-1

[Event "40th Olympiad Open"]
[Site "Istanbul TUR"]
[Date "2012.08.28"]
[Round "1.45"]
[Board "3"]
[White "Shrestha, Keshav"]
[Black "Escobar Forero, Alder"]
[Result "0-1"]
[WhiteTitle "CM"]
[BlackTitle "IM"]
[WhiteElo "2127"]
[BlackElo "2493"]
[WhiteTeam "Nepal"]
[BlackTeam "Colombia"]
[WhiteFideId "12300055"]
[BlackFideId "4400801"]
[EventDate "2012.08.28"]

1. e4 c5 2. c3 d5 3. exd5 Qxd5 4. d4 Nc6 5. Nf3 Bf5 6. Be3 O-O-O 7. Qb3 cxd4 8.
Qxd5 Rxd5 9. Nxd4 Nxd4 10. Bxd4 a6 11. Bc4 Rd7 12. O-O Nf6 13. a4 e6 14. Na3 Ne4
15. Be2 Nd2 16. Nc4 Rxd4 17. cxd4 Nxf1 18. Kxf1 Bb4 19. Rc1 Kb8 20. Ne3 Be4 21.
Rd1 Rd8 22. Bc4 Bc6 23. b3 Be8 24. d5 e5 25. Ke2 g6 26. g4 f6 27. Kf3 b5 28.
axb5 axb5 29. Bd3 Kb7 30. Be4 Bd6 31. h4 Rc8 32. Ke2 Rc3 33. Rd3 Rc1 34. Rd1
Rxd1 35. Kxd1 Kb6 36. Kc2 Bc5 37. Nd1 Kc7 38. f3 Bd7 39. h5 f5 40. hxg6 hxg6 41.
Bd3 Kd6 42. Nc3 b4 43. Na4 Bd4 44. Kd2 Kxd5 45. gxf5 gxf5 46. Bc4+ Kd6 47. Kd3
Bc6 48. f4 Be4+ 49. Kd2 exf4 0-1

[Event "40th Olympiad Open"]
[Site "Istanbul TUR"]
[Date "2012.08.28"]
[Round "1.45"]
[Board "4"]
[White "Barrientos, Sergio E"]
[Black "Jaiswal, Rupesh"]
[Result "1-0"]
[WhiteTitle "GM"]
[WhiteElo "2500"]
[BlackElo "1956"]
[WhiteTeam "Colombia"]
[BlackTeam "Nepal"]
[WhiteFideId "4401824"]
[BlackFideId "12300870"]
[EventDate "2012.08.28"]

1. e4 e6 2. d4 d5 3. e5 c5 4. c3 Nc6 5. Nf3 Bd7 6. Be2 Qb6 7. O-O Nge7 8. Na3
cxd4 9. cxd4 Nf5 10. Nc2 h5 11. b3 Rc8 12. Bb2 Nb4 13. Nce1 Be7 14. a3 Nc6 15.
Rc1 O-O 16. b4 g6 17. Qd2 a6 18. Nc2 Na7 19. h3 Bb5 20. Bxb5 Qxb5 21. g4 Ng7 22.
Ne3 Rxc1 23. Rxc1 Rc8 24. Ra1 Nc6 25. Kh2 a5 26. gxh5 Nxh5 27. Ng4 axb4 28. Rg1
bxa3 29. Bxa3 Bxa3 30. Qh6 Bf8 31. Qxh5 Bg7 32. Nf6+ Kf8 33. Qh7 Bxf6 34. exf6
Ke8 35. Qg8+ Kd7 36. Qxf7+ Kd6 37. Re1 Nd8 38. Qe7+ Kc6 39. Rc1+ 1-0

[Event "40th Olympiad Open"]
[Site "Istanbul TUR"]
[Date "2012.08.28"]
[Round "1.46"]
[Board "1"]
[White "Rahman, Ziaur"]
[Black "Fancy, Stuart"]
[Result "1-0"]
[WhiteTitle "GM"]
[WhiteElo "2516"]
[BlackElo "2104"]
[WhiteTeam "Bangladesh"]
[BlackTeam "Papua New Guinea"]
[WhiteFideId "10200037"]
[BlackFideId "9100024"]
[EventDate "2012.08.28"]

1. Nf3 Nf6 2. c4 c5 3. g3 g6 4. Bg2 Bg7 5. Nc3 Nc6 6. d4 cxd4 7. Nxd4 O-O 8. O-O
Qb6 9. Nc2 d6 10. b3 Ng4 11. Nd5 Qd8 12. Rb1 e6 13. Nde3 Nxe3 14. Bxe3 Qa5 15.
a3 Rd8 16. Qc1 d5 17. Bg5 f6 18. Bd2 Qc5 19. cxd5 exd5 20. b4 Qc4 21. b5 Nd4 22.
Nxd4 Qxd4 23. Rb4 Qb6 24. Bf4 Qe6 25. Qc7 Rd7 26. Qc2 d4 27. Rd1 f5 28. Rc4 Re7
29. Rc5 Kf8 30. Bd5 Qd7 31. Rc1 Re8 32. Bb3 d3 33. exd3 Qd4 34. Rd5 Qb2 35. Bd6+
Kf7 36. Rxf5# 1-0

[Event "40th Olympiad Open"]
[Site "Istanbul TUR"]
[Date "2012.08.28"]
[Round "1.46"]
[Board "2"]
[White "Marko, Helmut"]
[Black "Abdulla, Al-Rakib"]
[Result "0-1"]
[WhiteTitle "CM"]
[BlackTitle "GM"]
[WhiteElo "2014"]
[BlackElo "2514"]
[WhiteTeam "Papua New Guinea"]
[BlackTeam "Bangladesh"]
[WhiteFideId "9100032"]
[BlackFideId "10200444"]
[EventDate "2012.08.28"]

1. Nf3 Nf6 2. g3 d5 3. Bg2 c6 4. O-O Bg4 5. d3 Nbd7 6. Nbd2 e6 7. b3 Bd6 8. Bb2
O-O 9. c4 Re8 10. d4 Qb8 11. Re1 b5 12. c5 Bc7 13. a3 e5 14. dxe5 Nxe5 15. Qc2
Bxf3 16. Nxf3 Nxf3+ 17. Bxf3 Be5 18. e3 Bxb2 19. Qxb2 Qc8 20. Qc2 Re5 21. Red1
a5 22. Rd4 Qe6 23. Qd1 Qe7 24. Rc1 h6 25. Qc2 Rxe3 26. Kg2 Re5 27. b4 axb4 28.
axb4 Nh7 29. h4 Nf8 30. Qb2 Re1 31. Rxe1 Qxe1 32. Rd1 Qe7 33. Qd4 Ra4 34. Rd2
Qe1 35. Re2 Qxb4 36. Qe5 Qxc5 37. Qe8 Ra7 0-1

[Event "40th Olympiad Open"]
[Site "Istanbul TUR"]
[Date "2012.08.28"]
[Round "1.46"]
[Board "3"]
[White "Hossain, Enamul"]
[Black "Jones, Rupert"]
[Result "1-0"]
[WhiteTitle "GM"]
[BlackTitle "FM"]
[WhiteElo "2480"]
[BlackElo "1941"]
[WhiteTeam "Bangladesh"]
[BlackTeam "Papua New Guinea"]
[WhiteFideId "10200649"]
[BlackFideId "9100121"]
[EventDate "2012.08.28"]

1. e4 e5 2. Nf3 Nf6 3. d4 Nxe4 4. Bd3 d5 5. Nxe5 Nd7 6. Nc3 Nxc3 7. bxc3 Nxe5 8.
dxe5 Be7 9. O-O O-O 10. Rb1 b6 11. Qh5 g6 12. Qe2 c5 13. c4 d4 14. Bh6 Re8 15.
f4 f5 16. exf6 Bxf6 17. Qf3 Rb8 18. f5 g5 19. Be4 Qe7 20. Rbe1 Kh8 21. Qg3 Ba6
22. Bc6 Be5 23. Bxe8 Rxe8 24. f6 Bxg3 25. Rxe7 1-0

[Event "40th Olympiad Open"]
[Site "Istanbul TUR"]
[Date "2012.08.28"]
[Round "1.47"]
[Board "2"]
[White "Bogdanovski, Vlatko"]
[Black "Li, Hui"]
[Result "1-0"]
[WhiteTitle "GM"]
[WhiteElo "2448"]
[BlackElo "1958"]
[WhiteTeam "FYROM"]
[BlackTeam "Macau"]
[WhiteFideId "15000206"]
[BlackFideId "15400310"]
[EventDate "2012.08.28"]

1. d4 Nf6 2. Nf3 g6 3. Bg5 Bg7 4. Nbd2 O-O 5. c3 d6 6. e3 Nc6 7. Be2 e5 8. O-O
h6 9. Bh4 Qe8 10. dxe5 Nxe5 11. Re1 Be6 12. Nd4 c6 13. Bxf6 Bxf6 14. Ne4 Qe7 15.
Nxe6 fxe6 16. Qxd6 Rad8 17. Qxe7 Bxe7 18. Rad1 g5 19. Rd4 c5 20. Rxd8 Rxd8 21.
f4 Nd3 22. Bxd3 Rxd3 23. Kf2 Kf7 24. Ke2 c4 25. Rd1 Rd5 26. Nd2 b5 27. Nf3 Bf6
28. Rxd5 exd5 29. fxg5 hxg5 30. Nd4 a6 31. Kf3 Be7 32. e4 dxe4+ 33. Kxe4 Kg6 34.
g3 Kh5 35. Kf5 Bc5 36. h3 b4 37. Nf3 b3 38. g4+ Kh6 39. axb3 cxb3 40. Nd2 a5 41.
Nxb3 Bb6 42. Nc1 Be3 43. Nd3 Kg7 44. b3 Kf7 45. Ke5 Bd2 46. c4 Ke7 47. Kd5 Kd7
48. c5 Kc7 49. Ne5 Kb7 50. Nc4 Be1 51. Nd2 Bg3 1-0

[Event "40th Olympiad Open"]
[Site "Istanbul TUR"]
[Date "2012.08.28"]
[Round "1.47"]
[Board "3"]
[White "Celis, Joel"]
[Black "Pancevski, Filip"]
[Result "0-1"]
[BlackTitle "IM"]
[WhiteElo "1810"]
[BlackElo "2461"]
[WhiteTeam "Macau"]
[BlackTeam "FYROM"]
[WhiteFideId "15400212"]
[BlackFideId "15002187"]
[EventDate "2012.08.28"]

1. e4 e5 2. Nf3 Nc6 3. Bc4 Bc5 4. c3 Nf6 5. d3 d6 6. Bg5 h6 7. Bh4 Be6 8. Nbd2
a6 9. b4 Ba7 10. O-O g5 11. Bg3 Qe7 12. a4 h5 13. h4 g4 14. Bxe6 Qxe6 15. Nh2
Ne7 16. Re1 Nd7 17. Nhf1 Nf8 18. Nc4 Nfg6 19. Nce3 Qf6 20. Nd5 Nxd5 21. exd5
Nxh4 22. d4 Ng6 23. dxe5 dxe5 24. Ne3 Qg5 25. d6 O-O-O 26. Nc4 f6 27. Na5 Rxd6
28. Qe2 h4 29. Qe4 hxg3 30. Qxb7+ Kd7 31. Qxa7 Rh1+ 32. Kxh1 Qh4+ 33. Kg1 Qh2+
34. Kf1 Qh1+ 35. Ke2 Nf4+ 36. Ke3 Rd3+ 37. Ke4 Qh7# 0-1

[Event "40th Olympiad Open"]
[Site "Istanbul TUR"]
[Date "2012.08.28"]
[Round "1.48"]
[Board "1"]
[White "Kurajica, Bojan"]
[Black "Hamperl, Fred"]
[Result "1-0"]
[WhiteTitle "GM"]
[BlackTitle "FM"]
[WhiteElo "2551"]
[BlackElo "2120"]
[WhiteTeam "Bosnia & Herzegovina"]
[BlackTeam "Guernsey"]
[WhiteFideId "14400057"]
[BlackFideId "10700110"]
[EventDate "2012.08.28"]

1. Nf3 c5 2. c4 Nc6 3. d4 cxd4 4. Nxd4 e5 5. Nb5 a6 6. Nd6+ Bxd6 7. Qxd6 Qe7 8.
Qd1 Nf6 9. Nc3 O-O 10. Bg5 Qc5 11. Bxf6 gxf6 12. e3 f5 13. Qh5 f6 14. O-O-O d6
15. Rd5 Qb4 16. a3 Qb3 17. Rxd6 Na5 18. Qh4 b5 19. Rxf6 Nxc4 20. Qg5+ 1-0

[Event "40th Olympiad Open"]
[Site "Istanbul TUR"]
[Date "2012.08.28"]
[Round "1.48"]
[Board "2"]
[White "Kirby, Peter J."]
[Black "Dizdarevic, Emir"]
[Result "0-1"]
[WhiteTitle "CM"]
[BlackTitle "GM"]
[WhiteElo "2007"]
[BlackElo "2499"]
[WhiteTeam "Guernsey"]
[BlackTeam "Bosnia & Herzegovina"]
[WhiteFideId "409014"]
[BlackFideId "14400049"]
[EventDate "2012.08.28"]

1. e4 e6 2. d4 d5 3. Nd2 c5 4. exd5 Qxd5 5. Ngf3 cxd4 6. Bc4 Qd6 7. O-O Nf6 8.
Nb3 Nc6 9. Qe2 Be7 10. Bg5 O-O 11. Rad1 e5 12. h3 Bf5 13. c3 Rad8 14. cxd4 e4
15. Nh4 Bc8 16. Qd2 Nd5 17. g3 e3 18. Bxe7 Ncxe7 19. Qe2 Bxh3 20. Rfe1 Ng6 21.
Qh5 Nf6 22. Qe2 Nxh4 23. gxh4 Ng4 0-1

[Event "40th Olympiad Open"]
[Site "Istanbul TUR"]
[Date "2012.08.28"]
[Round "1.48"]
[Board "4"]
[White "Brookfield, Toby"]
[Black "Tomic, Bosko"]
[Result "0-1"]
[WhiteTitle "CM"]
[BlackTitle "IM"]
[WhiteElo "1823"]
[BlackElo "2423"]
[WhiteTeam "Guernsey"]
[BlackTeam "Bosnia & Herzegovina"]
[WhiteFideId "10700234"]
[BlackFideId "14401401"]
[EventDate "2012.08.28"]

1. e4 c5 2. Nc3 Nc6 3. f4 g6 4. Nf3 Bg7 5. Be2 e6 6. O-O Nge7 7. d3 d5 8. Qe1
O-O 9. Qh4 Nd4 10. Bd1 b6 11. Kh1 Ba6 12. Rf2 dxe4 13. dxe4 Nb5 14. Bd2 Nc6 15.
Qxd8 Raxd8 16. Nxb5 Bxb5 17. c3 Rd7 18. Be2 Bd3 19. Re1 Bxe4 20. Be3 Bd3 21. Bd1
Bb5 22. Bc2 Rfd8 23. h3 Rd6 24. a4 Bd3 25. Bxd3 Rxd3 26. Bc1 Na5 27. Rd2 Nb3 28.
Rxd3 Rxd3 29. Kg1 Bh6 30. Ne5 Nxc1 31. Rxc1 Rd5 32. Rf1 Bxf4 33. Ng4 Bg5 0-1

[Event "40th Olympiad Open"]
[Site "Istanbul TUR"]
[Date "2012.08.28"]
[Round "1.49"]
[Board "3"]
[White "Qian, Kun Arthas"]
[Black "Gretarsson, Hjorvar Steinn"]
[Result "0-1"]
[BlackTitle "IM"]
[WhiteElo "1983"]
[BlackElo "2506"]
[WhiteTeam "Hong Kong"]
[BlackTeam "Iceland"]
[WhiteFideId "6001556"]
[BlackFideId "2302241"]
[EventDate "2012.08.28"]

1. d4 Nf6 2. Nc3 d5 3. Bg5 h6 4. Bh4 Bf5 5. f3 g5 6. Bf2 e6 7. e3 c5 8. Nge2 Nc6
9. h4 Bh7 10. hxg5 hxg5 11. Qd2 Rg8 12. g4 a6 13. a3 Bd6 14. Bg3 Bxg3+ 15. Nxg3
Qd6 16. Rh3 O-O-O 17. O-O-O e5 18. dxc5 Qxc5 19. Nh5 Nxh5 20. Rxh5 Bg6 21. Rh2
d4 22. exd4 Nxd4 23. Qf2 Bxc2 24. Rxd4 exd4 25. Kxc2 Qc7 26. Rh6 dxc3 27. bxc3
Rh8 28. Rf6 Rh2 29. Bg2 Qc4 30. Rb6 Qd3+ 31. Kb3 Rxg2 0-1

[Event "40th Olympiad Open"]
[Site "Istanbul TUR"]
[Date "2012.08.28"]
[Round "1.49"]
[Board "4"]
[White "Thorhallsson, Throstur"]
[Black "Scott, Ian"]
[Result "1-0"]
[WhiteTitle "GM"]
[WhiteElo "2426"]
[BlackElo "1725"]
[WhiteTeam "Iceland"]
[BlackTeam "Hong Kong"]
[WhiteFideId "2300109"]
[BlackFideId "6000878"]
[EventDate "2012.08.28"]

1. e4 e5 2. Nf3 Nc6 3. Bc4 Nf6 4. d3 Bc5 5. c3 a6 6. O-O Ba7 7. Bb3 d6 8. h3 h6
9. Re1 g5 10. Nh2 Rg8 11. Be3 Bxe3 12. Rxe3 Qe7 13. Nd2 Bd7 14. Ba4 h5 15. Ndf1
b5 16. Bb3 O-O-O 17. a4 b4 18. Bc4 a5 19. d4 h4 20. d5 Na7 21. cxb4 axb4 22. Rb3
c5 23. dxc6 Nxc6 24. Rc1 Kb8 25. Ne3 Rc8 26. Ba6 Rc7 27. Nd5 Qe6 28. Nxc7 Kxc7
29. Rxb4 Kd8 30. Bc4 Qe7 31. Rb7 g4 32. hxg4 Nxg4 33. Nxg4 Bxg4 34. Rxe7 Bxd1
35. Rxf7 Bg4 36. Kh2 Nd4 37. a5 h3 38. Rd7+ Kxd7 39. Bxg8 hxg2 40. a6 1-0

[Event "40th Olympiad Open"]
[Site "Istanbul TUR"]
[Date "2012.08.28"]
[Round "1.50"]
[Board "1"]
[White "Karttunen, Mika"]
[Black "Heiba, Mohamed"]
[Result "1-0"]
[WhiteTitle "IM"]
[WhiteElo "2448"]
[BlackElo "1903"]
[WhiteTeam "Finland"]
[BlackTeam "Mauritania"]
[WhiteFideId "502081"]
[BlackFideId "19600089"]
[EventDate "2012.08.28"]

1. Nc3 Nf6 2. d4 d5 3. Bg5 Bf5 4. Bxf6 gxf6 5. e3 e6 6. Bd3 Bg6 7. h4 c6 8. Nge2
Bxd3 9. Qxd3 Bd6 10. e4 Na6 11. a3 Qa5 12. O-O Ke7 13. f4 dxe4 14. Nxe4 Qh5 15.
Nxd6 Kxd6 16. f5 Qxh4 17. Rf4 Qg5 18. Raf1 Rhg8 19. R1f2 Raf8 20. Nc3 Kc7 21.
fxe6 fxe6 22. Qxh7+ Rg7 23. Qh2 e5 24. dxe5 Qxe5 25. Rxf6 Qxh2+ 26. Kxh2 Rxf6
27. Rxf6 Nc5 28. Kh3 Kd7 29. g4 Ke7 30. Rf5 Ne6 31. Ne4 Rh7+ 32. Kg2 Rg7 33. Kg3
Nd4 34. Re5+ Kf7 35. Nd6+ Kf6 36. Re4 Rd7 37. Rxd4 Ke5 38. Nf5 Rxd4 39. Nxd4 1-0

[Event "40th Olympiad Open"]
[Site "Istanbul TUR"]
[Date "2012.08.28"]
[Round "1.50"]
[Board "3"]
[White "Sipila, Vilka"]
[Black "Taleb Mohamed, Ahmed"]
[Result "1-0"]
[WhiteTitle "FM"]
[WhiteElo "2431"]
[BlackElo "1965"]
[WhiteTeam "Finland"]
[BlackTeam "Mauritania"]
[WhiteFideId "505455"]
[BlackFideId "19600038"]
[EventDate "2012.08.28"]

1. g4 e5 2. c4 d5 3. Bg2 c6 4. cxd5 cxd5 5. Qb3 Ne7 6. Nc3 e4 7. d3 Nbc6 8. dxe4
d4 9. Nd5 Bxg4 10. Qg3 Nxd5 11. exd5 Nb4 12. Qxg4 Nc2+ 13. Kf1 Nxa1 14. Qe4+ Qe7
15. Qb1 Nb3 16. axb3 Qb4 17. Qe4+ Be7 18. Nf3 O-O 19. Bd2 Qxb3 20. Qxe7 Qd1+ 21.
Be1 Rfe8 22. Qh4 Rxe2 23. Bh3 Rae8 24. Kg2 R2e4 25. Qg3 Qb3 26. Bf5 Re2 27.
Bxh7+ Kf8 28. Qd6+ R8e7 29. Bb4 Rxf2+ 30. Kxf2 Qe3+ 31. Kg3 1-0

[Event "40th Olympiad Open"]
[Site "Istanbul TUR"]
[Date "2012.08.28"]
[Round "1.50"]
[Board "4"]
[White "Boydia, Sidi"]
[Black "Ebeling, Daniel"]
[Result "0-1"]
[BlackTitle "FM"]
[WhiteElo "2024"]
[BlackElo "2350"]
[WhiteTeam "Mauritania"]
[BlackTeam "Finland"]
[WhiteFideId "19600100"]
[BlackFideId "505170"]
[EventDate "2012.08.28"]

1. e4 c5 2. Nf3 Nc6 3. d3 Nf6 4. c3 g6 5. g3 Bg7 6. Bg2 O-O 7. O-O d5 8. Qe2 h6
9. Na3 e5 10. Bd2 Re8 11. Nc2 Be6 12. Nfe1 Qd7 13. exd5 Nxd5 14. Ne3 Nc7 15. Nc4
Rad8 16. Be3 b6 17. Nc2 Nd5 18. Rad1 Bg4 19. f3 Nxe3 20. N2xe3 Be6 21. a3 b5 22.
Nd2 Qxd3 23. Qf2 Qd6 24. Ne4 Qe7 25. Nc2 c4 26. Nb4 Nxb4 27. axb4 f5 28. Nc5 Bc8
29. Ra1 Rd6 30. Ra5 a6 31. Rfa1 Qf6 32. b3 e4 33. Rc1 e3 34. Qe1 e2 35. Ra2 Qe5
36. bxc4 Qe3+ 0-1